| 000 | 00000nam##2200000za#4500 |
| 001 | 9.693665 |
| 003 | CaOODSP |
| 005 | 20210624233752 |
| 007 | cr ||||||||||| |
| 008 | 150407|2010||||xxc|||||o f|0| 0 eng|d |
| 020 | |a978-1-100-16434-2 |
| 040 | |aCaOODSP|beng |
| 043 | |an-cn--- |
| 086 | 1 |aT29-79/2010E-PDF |
| 110 | 1 |aCanada. |bTransport Canada. |
| 245 | 10|aApplication for pleasure craft licence / |h[electronic resource]|c[issued by the] Office of Boating Safety. |
| 260 | |aOttawa - Ontario : |bTransport Canada |cc2010. |
| 300 | |a3p. |
| 590 | |a11-09|b2011-03-04 |
| 690 | 07|aPleasure craft|2gcpds |
| 775 | 08|tDemande de permis d'embarcation de plaisance / |w(CaOODSP)9.637840 |
| 776 | 0#|tApplication for pleasure craft licence / |w(CaOODSP)9.672401 |
| 776 | 0#|tDemande de permis d'embarcation de plaisance / |w(CaOODSP)9.672402 |
| 856 | 40|ahttp://publications.gc.ca|qPDF|s1178 KB|uhttps://publications.gc.ca/collections/collection_2011/tc/T29-79-2010-eng.pdf |
| 986 | |aTP 15049E |